|
|
|
|
| LEADER |
00000nam0a2200000 4500 |
| 001 |
271396 |
| 005 |
20231101234431.0 |
| 035 |
|
|
|a (RuTPU)RU\TPU\book\294578
|
| 090 |
|
|
|a 271396
|
| 100 |
|
|
|a 20141007d1987 m y0rusy50 ca
|
| 101 |
0 |
|
|a rus
|
| 102 |
|
|
|a RU
|
| 105 |
|
|
|a ac z 001zb
|
| 200 |
1 |
|
|a Антон Григорьевич Рубинштейн. 1829-1894
|e популярная монография
|f Т. А. Хопрова
|
| 205 |
|
|
|a 2-е изд.
|
| 210 |
|
|
|a Ленинград
|c Музыка
|d 1987
|
| 215 |
|
|
|a 96 с.
|c портр.
|
| 320 |
|
|
|a Список опубликованных работ: с. 93-95
|
| 600 |
|
1 |
|a Рубинштейн
|b А. Г.
|c русский композитор
|f 1829-1894
|g Антон Григорьевич
|2 stltpush
|3 (RuTPU)RU\TPU\pers\11056
|9 2431
|
| 606 |
1 |
|
|a Композиторы
|2 stltpush
|3 (RuTPU)RU\TPU\subj\15032
|9 41330
|
| 610 |
1 |
|
|a биографии
|
| 610 |
1 |
|
|a персоналии
|
| 610 |
1 |
|
|a жизнь
|
| 610 |
1 |
|
|a творчество
|
| 610 |
1 |
|
|a пианисты
|
| 610 |
1 |
|
|a дирижеры
|
| 610 |
1 |
|
|a музыкальные деятели
|
| 610 |
1 |
|
|a общественные деятели
|
| 675 |
|
|
|a 78.071.1
|v 3
|
| 700 |
|
1 |
|a Хопрова
|b Т. А.
|g Татьяна Александровна
|
| 801 |
|
1 |
|a RU
|b 63413507
|c 20141007
|
| 801 |
|
2 |
|a RU
|b 63413507
|c 20170309
|g RCR
|
| 942 |
|
|
|c BK
|